| 000 | 00971nam a2200229 a 4500 | ||
|---|---|---|---|
| 001 | 000038650 | ||
| 005 | 20260130113123.0 | ||
| 008 | 130417s2012 dr acd r 000 0 spa d | ||
| 020 | _a9789945885101 | ||
| 040 |
_aDO-SdBNP _bspa _cBNPHU |
||
| 082 |
_a352.53 _bR426d |
||
| 110 | 1 |
_aRepública Dominicana. _bInstituto Nacional de Protección de los Derechos del Consumidor (PRO-CONSUMIDOR) _957141 |
|
| 245 | 1 | 0 |
_aDerecho de consumo y su aplicación en la República Dominicana : _bmemoria de gestión 2007-2012 / _cdirección general Altagracia Paulino. |
| 260 |
_aSanto Domingo : _bPRO CONSUMIDOR, _c2012. |
||
| 300 |
_a409 p. : _bil., retrs., tablas ; _c30 cm. |
||
| 500 | _aIncluye datos biográficos del autor en la solapa de la cubierta. | ||
| 590 | _aInventariado, 2018/BT | ||
| 650 | 0 |
_aProtección del consumidor _957139 |
|
| 650 | 4 |
_aRegulación del comercio _957140 |
|
| 700 | 1 |
_aPaulino, Altagracia, _edir. _940393 |
|
| 910 | _aValidado. Control de calidad. EMS | ||
| 999 |
_c38140 _d38140 |
||